000 01839cam a2200361 i 4500
001 18448682
003 SISC
005 20160711094759.0
008 150114s2015 enk b 001 0 eng
010 _a 2015001198
020 _a9780230360211 (paperback)
040 _aDLC
_beng
_cDLC
_erda
_dDLC
042 _apcc
050 0 0 _aTR 820
_b.M225 2015
082 0 0 _a070.4/9
084 _aPHO015000
_aSOC052000
_2bisacsh
100 1 _aMachin, David,
_d1966-
_eauthor.
245 1 0 _aVisual journalism /
_cby David Machin and Lydia Polzer.
260 _aUK :
_bPalgrave,
_c2015.
300 _aix, 183 pages ;
_c22 cm
500 _aIncludes bibliographical references and index.
505 8 _aMachine generated contents note: -- Introduction -- 1. Photojournalism: Documenting and Symbolising Events -- 2. Magazine Design: Ideas and Attitudes Through Visual Elements -- 3. Changing Newspaper Designs for New Kinds of Markets -- 4. Design and the Digital Media Environment -- 5. Staging the News for Television -- Conclusion.
520 _a"A critical and up-to-date overview of visual journalism that combines academic theory with the experiences of practitioners working in the field, drawing on a diverse range of media examples, in order to analyse the significance of appearance and branding in the digital age. "--
650 0 _aPhotojournalism.
650 0 _aJournalism, Pictorial.
650 7 _aPHOTOGRAPHY / Photojournalism.
_2bisacsh
650 7 _aSOCIAL SCIENCE / Media Studies.
_2bisacsh
700 1 _aPolzer, Lydia.
856 4 2 _3Cover image
_uhttp://www.netread.com/jcusers2/bk1388/211/9780230360211/image/lgcover.9780230360211.jpg
906 _a7
_bcbc
_corignew
_d1
_eecip
_f20
_gy-gencatlg
942 _2lcc
_cBK
999 _c296230
_d296230